Electromagnetics (Record no. 41511)

MARC details
000 -LEADER
fixed length control field 00725nam a2200217 a 4500
008 - FIXED-LENGTH DATA ELEMENTS--GENERAL INFORMATION
fixed length control field 120416s1973 ||||||||||||||||| || u
020 ## - INTERNATIONAL STANDARD BOOK NUMBER
International Standard Book Number 0070353964
050 ## - LIBRARY OF CONGRESS CALL NUMBER
Classification number QC 661 Kra
100 ## - MAIN ENTRY--PERSONAL NAME
Personal name Carver, Keith R., 1940-
245 10 - TITLE STATEMENT
Title Electromagnetics
250 ## - EDITION STATEMENT
Edition statement 2nd ed.
260 ## - PUBLICATION, DISTRIBUTION, ETC.
Place of publication, distribution, etc. New York
Name of publisher, distributor, etc. McGraw-Hill
Date of publication, distribution, etc. 1973
300 ## - PHYSICAL DESCRIPTION
Extent xix, 828p. : ill
350 ## - PRICE (NR) (BK AM CF MU VM SE) [OBSOLETE]
Price 0.00
490 ## - SERIES STATEMENT
Series statement McGraw-Hill electrical and electronic engineering series
500 ## - GENERAL NOTE
General note Bibliography: p. [801]-802.
650 #0 - SUBJECT ADDED ENTRY--TOPICAL TERM
Topical term or geographic name entry element PHYSICS
650 ## - SUBJECT ADDED ENTRY--TOPICAL TERM
Topical term or geographic name entry element ELECTROMAGENTISM
700 ## - ADDED ENTRY--PERSONAL NAME
Personal name Kraus, John Daniel, 1910-
995 ## - RECOMMENDATION 995 [LOCAL, UNIMARC FRANCE]
-- 0.00
-- CBU-MAIN LIBRARY (Kitwe)
-- 1
-- 7.45
-- 1
-- DAMAGED
-- Main Library Open Access Collection
Holdings
Withdrawn status Lost status Source of classification or shelving scheme Damaged status Not for loan Home library Current library Shelving location Date acquired Total Checkouts Full call number Barcode Date last seen Price effective from Koha item type
          CBU-MAIN LIBRARY, KITWE. CBU-MAIN LIBRARY, KITWE.   11/30/2022   QC 661 Kra 012055 11/30/2022 11/30/2022 MONOGRAPH